| 000 -LEADER |
| fixed length control field |
02121cam a2200541 i 4500 |
| 001 - CONTROL NUMBER |
| control field |
18945027 |
| 003 - CONTROL NUMBER IDENTIFIER |
| control field |
OSt |
| 005 - DATE AND TIME OF LATEST TRANSACTION |
| control field |
20221227105157.0 |
| 008 - FIXED-LENGTH DATA ELEMENTS--GENERAL INFORMATION |
| fixed length control field |
160121s2015 nyua j 000 1 eng d |
| 010 ## - LIBRARY OF CONGRESS CONTROL NUMBER |
| LC control number |
2016297197 |
| 020 ## - INTERNATIONAL STANDARD BOOK NUMBER |
| International Standard Book Number |
9780736434607 |
| 035 ## - SYSTEM CONTROL NUMBER |
| System control number |
(OCoLC)ocn900179800 |
| 040 ## - CATALOGING SOURCE |
| Original cataloging agency |
YDXCP |
| Language of cataloging |
eng |
| Transcribing agency |
YDXCP |
| Description conventions |
rda |
| Modifying agency |
OCLCQ |
| -- |
BTCTA |
| -- |
CLE |
| -- |
OCLCO |
| -- |
OCLCF |
| -- |
OCLCO |
| -- |
DLC |
| -- |
KH8 |
| 042 ## - AUTHENTICATION CODE |
| Authentication code |
lccopycat |
| 082 00 - DEWEY DECIMAL CLASSIFICATION NUMBER |
| Classification number |
FIC THO |
| Edition number |
23 |
| 100 1# - MAIN ENTRY--PERSONAL NAME |
| Personal name |
Thorpe, Kiki, |
| Relator term |
Author. |
| 245 12 - TITLE STATEMENT |
| Title |
A dandelion wish ; |
| Remainder of title |
From the mist / |
| Statement of responsibility, etc. |
written by Kiki Thorpe ; illustrated by Jana Christy. |
| 246 30 - VARYING FORM OF TITLE |
| Title proper/short title |
From the mist |
| 246 1# - VARYING FORM OF TITLE |
| Display text |
At head of title: |
| Title proper/short title |
Disney The never girls |
| 264 #1 - PRODUCTION, PUBLICATION, DISTRIBUTION, MANUFACTURE, AND COPYRIGHT NOTICE |
| Place of production, publication, distribution, manufacture |
New York : |
| Name of producer, publisher, distributor, manufacturer |
Random House, |
| Date of production, publication, distribution, manufacture, or copyright notice |
[2015] |
| 300 ## - PHYSICAL DESCRIPTION |
| Extent |
120, 118 pages : |
| Other physical details |
illustrations ; |
| Dimensions |
20 cm |
| 336 ## - CONTENT TYPE |
| Content type term |
text |
| Content type code |
txt |
| Source |
rdacontent |
| 337 ## - MEDIA TYPE |
| Media type term |
unmediated |
| Media type code |
n |
| Source |
rdamedia |
| 338 ## - CARRIER TYPE |
| Carrier type term |
volume |
| Carrier type code |
nc |
| Source |
rdacarrier |
| 490 1# - SERIES STATEMENT |
| Series statement |
Never girls |
| 490 0# - SERIES STATEMENT |
| Series statement |
A stepping stone book |
| 500 ## - GENERAL NOTE |
| General note |
"2 books in 1!"--Cover. |
| 500 ## - GENERAL NOTE |
| General note |
Bound upside-down and back-to-back. |
| 520 ## - SUMMARY, ETC. |
| Summary, etc. |
"The Never Girls--Kate, Lainey, Mia, and Gabby--travel to Never Land, make wishes, and ride on mysterious mist horses in this treasury of the third and fourth adventures"-- |
| Assigning source |
Amazon.com |
| 650 #0 - SUBJECT ADDED ENTRY--TOPICAL TERM |
| Topical term or geographic name entry element |
Voyages, Imaginary |
| Form subdivision |
Juvenile fiction. |
| 650 #0 - SUBJECT ADDED ENTRY--TOPICAL TERM |
| Topical term or geographic name entry element |
Wishes |
| Form subdivision |
Juvenile fiction. |
| 650 #1 - SUBJECT ADDED ENTRY--TOPICAL TERM |
| Topical term or geographic name entry element |
Fairies |
| Form subdivision |
Fiction. |
| 650 #1 - SUBJECT ADDED ENTRY--TOPICAL TERM |
| Topical term or geographic name entry element |
Magic |
| Form subdivision |
Fiction. |
| 650 #1 - SUBJECT ADDED ENTRY--TOPICAL TERM |
| Topical term or geographic name entry element |
Lost children |
| Form subdivision |
Fiction. |
| 650 #1 - SUBJECT ADDED ENTRY--TOPICAL TERM |
| Topical term or geographic name entry element |
Horses |
| Form subdivision |
Fiction. |
| 650 #1 - SUBJECT ADDED ENTRY--TOPICAL TERM |
| Topical term or geographic name entry element |
Fog |
| Form subdivision |
Fiction. |
| 650 #7 - SUBJECT ADDED ENTRY--TOPICAL TERM |
| Topical term or geographic name entry element |
Voyages, Imaginary. |
| Source of heading or term |
fast |
| Authority record control number or standard number |
(OCoLC)fst01169333 |
| 650 #7 - SUBJECT ADDED ENTRY--TOPICAL TERM |
| Topical term or geographic name entry element |
Wishes. |
| Source of heading or term |
fast |
| Authority record control number or standard number |
(OCoLC)fst01176272 |
| 655 #7 - INDEX TERM--GENRE/FORM |
| Genre/form data or focus term |
Fiction. |
| Source of term |
fast |
| Authority record control number or standard number |
(OCoLC)fst01423787 |
| 655 #7 - INDEX TERM--GENRE/FORM |
| Genre/form data or focus term |
Juvenile works. |
| Source of term |
fast |
| Authority record control number or standard number |
(OCoLC)fst01411637 |
| 700 1# - ADDED ENTRY--PERSONAL NAME |
| Personal name |
Christy, Jana, |
| Relator term |
illustrator. |
| 700 12 - ADDED ENTRY--PERSONAL NAME |
| Personal name |
Thorpe, Kiki. |
| Title of a work |
From the mist. |
| Relationship information |
Contains (work): |
| 800 1# - SERIES ADDED ENTRY--PERSONAL NAME |
| Personal name |
Thorpe, Kiki. |
| Title of a work |
Never girls. |
| 856 42 - ELECTRONIC LOCATION AND ACCESS |
| Materials specified |
Publisher description |
| Uniform Resource Identifier |
<a href="https://www.loc.gov/catdir/enhancements/fy1612/2016297197-d.html">https://www.loc.gov/catdir/enhancements/fy1612/2016297197-d.html</a> |
| 906 ## - LOCAL DATA ELEMENT F, LDF (RLIN) |
| a |
7 |
| b |
cbc |
| c |
copycat |
| d |
2 |
| e |
ncip |
| f |
20 |
| g |
y-gencatlg |
| 942 ## - ADDED ENTRY ELEMENTS (KOHA) |
| Source of classification or shelving scheme |
|
| Koha item type |
Books - Fiction |